| 000 | 01974cam a2200361 4500500 | ||
|---|---|---|---|
| 005 | 20260329021406.0 | ||
| 041 | _afre | ||
| 042 | _adc | ||
| 100 | 1 | 0 |
_aDjilali-Messaoud, Fatiha _eauthor |
| 245 | 0 | 0 | _aGuy de Maupassant et la possibilité hystérique |
| 260 | _c2016. | ||
| 500 | _a17 | ||
| 520 | _aGuy de Maupassant assigné au diagnostic de schizophténie présente un tableau sémiologique déconcenant : obscénité, histrionisme, mythomanie, somatisations multiples avec course aux médecins, caractère non génital de la sexualité avec dégoût de cette sexualité etc... Maupassant se penche sur la question hystérique : « Qu’est-ce qu’une femme ? », cherche la femme pour constater l’absence de réponse à la question et ne rencontre que des femmes. Tristesse et consommation vont être alors les piliers de la quête désirante de Maupassant. | ||
| 520 | _aGuy de Maupassant, who was diagnosed with schizophrenia, finally offers a rather misleading semiotic picture : he was obscene, histrionic, mythomaniac, hypochondriac and both practiced and despised non-genital sexuality. Maupassant addressed the question of hysteria : “ What is a woman ? ” He relentlessly looked for THE woman, but, well aware of the face that it was a hopeless task, he only met women. Sorrow and consumption would ehen become ehe ewo pillars of Maupassane’s quese of désire. | ||
| 690 | _adégoût | ||
| 690 | _afemme | ||
| 690 | _ahistrionisme | ||
| 690 | _ahystérie | ||
| 690 | _aobscénité | ||
| 690 | _apsychose | ||
| 690 | _asomatisation | ||
| 690 | _atristesse | ||
| 690 | _adisgust | ||
| 690 | _ahistrionic | ||
| 690 | _ahysteria | ||
| 690 | _aobscene | ||
| 690 | _apsychosis | ||
| 690 | _asomatization | ||
| 690 | _asorrow | ||
| 690 | _awoman | ||
| 786 | 0 | _nPsy Cause | 72 | 2 | 2016-01-24 | p. 4-7 | 1245-2394 | |
| 856 | 4 | 1 | _uhttps://shs.cairn.info/revue-psy-cause-2016-2-page-4?lang=fr&redirect-ssocas=7080 |
| 999 |
_c1912217 _d1912217 |
||